Res nullius
| Titel: | Res nullius : zur Genealogie und Aktualität einer Rechtsformel / hrsg. von Michael Kempe ... |
|---|---|
| Beteiligt: | |
| Veröffentlicht: | Berlin : Duncker & Humblot, 2015 |
| Umfang: | 196 Seiten : Illustrationen ; 24 cm, 400 g |
| Format: | Buch |
| Sprache: | Deutsch |
| Schriftenreihe/ mehrbändiges Werk: |
Schriften zur Rechtsgeschichte ; 170 |
| RVK-Notation: |
·
|
| ISBN: | 3428145364 ; 9783428145362 ; 9783428845361 |
| Hinweise zum Inhalt: |
Inhaltsverzeichnis
|
alg: 35269925 001A $00004:07-01-15 001B $01999:15-12-25 $t10:16:12.000 001D $00004:13-01-15 001U $0utf8 001X $00 002@ $0Aau 002C $aText $btxt $2rdacontent 002D $aohne Hilfsmittel zu benutzen $bn $2rdamedia 002E $aBand $bnc $2rdacarrier 003@ $0352699256 003O $0899978459 $aOCoLC 004A $03-428-14536-4 004A $A978-3-428-14536-2 $fkart. : EUR 74.90 (DE), EUR 77.00 (AT), sfr 99.00 (freier Pr.) 004A $A978-3-428-84536-1 $f(Print & E-Book) 004K $09783428145362 006G $01060995719 006H $0TOCNEUA1501 $2DNB 006L $0897128146 006T $014,N48 006U $015,A51 $f20141117 007A $01060995719 $aDNB 009P $qapplication/pdf $A2 $3Inhaltsverzeichnis $uhttps://d-nb.info/1060995719/04 $mB:DE-101 010@ $ager 011@ $a2015 017A $asf 021A $aRes nullius $dzur Genealogie und Aktualität einer Rechtsformel $hhrsg. von Michael Kempe ... 028C $BHerausgeber $4edt $7123808642 $8Kempe, Michael$Z1966- [Tp3] $9154634654 033A $pBerlin $nDuncker & Humblot 034D $a196 Seiten 034I $a24 cm, 400 g 034M $aIllustrationen 036E $aSchriften zur Rechtsgeschichte $l170 036F $x3170 $8Schriften zur Rechtsgeschichte $9009490930 $l170 044K $qDNB $RGewahrsam $RGewere $#Possession (Law) $#Possession (droit) $#Possesso $#Posesión (Derecho) $#property $#Eigentum/Besitz $74006023-8 $8Besitz [Ts1] $9085008117 044K $qDNB $RKulturphilosophie $RZivilisation $#Civilization $#Culture $#Civilisation $#Culture $#Cultura $#Civilización $#Kultur $#Kultur $#kulturelle Faktoren $74125698-0 $8Kultur [Tsz] $9085424803 045E $c340 045R $aGeschichte 045Z $8PC 2800 [Tkv] $9410982393 045Z $8PD 6220 [Tkv] $9410985279 lok: 35269925 3 101B $025-05-16 $t13:50:29.000 101C $025-05-16 101U $0utf8 145S/01 $a009 exp: 35269925 3 1 #EPN 201B/01 $005-01-18 $t11:17:29.000 201C/01 $025-05-16 201U/01 $0utf8 203@/01 $0774409460 208@/01 $a25-05-16 $bzFa 209A/01 $aLA 05/PC 2800 K32 $ds $f034 $hLA 05 PC 2800 K32 $x00 209B/01 $a7023 $x05 209C/01 $aDvM 236/2016 209G/01 $aProf. von Mayenburg - RuW, Raum 4.115 $x01 247C/01 $8601034-9 <30/34>Frankfurt, Universitätsbibliothek J. C. Senckenberg, Bibliothek Recht und Wirtschaft (BRuW) $9102598444 lok: 35269925 78 exp: 35269925 78 1 #EPN 201B/01 $002-03-21 $t08:07:15.000 201C/01 $002-03-21 201U/01 $0utf8 203@/01 $01144710650 208@/01 $a02-03-21 $be 209A/01 $a/ $f000 $x00 209A/01 $ab*p $x01 220C/01 $apgar 247C/01 $82080>Marburg/Lahn, Herder-Institut, Forschungsbibliothek, Bibliographieportal $9336309341 lok: 35269925 204 exp: 35269925 204 1 #EPN 201B/01 $022-05-19 $t01:50:34.000 201C/01 $013-03-17 201U/01 $0utf8 203@/01 $0802825893 208@/01 $a13-03-17 $bzl01 209A/01 $a54 Bo 2015/2 $do $f010 $h010 54 Bo 2015 2 $x00 209A/01 $a010 PC 2800 K32 $x07 209G/01 $a87415961 $x00 209G/01 $ahap10117080 $x01 245Z/01 $a54 Bo $x01 247C/01 $8631010-2 <26/010>Gießen, Universität Gießen, Zweigbibliothek Recht und Wirtschaft $9102596751 lok: 35269925 205 exp: 35269925 205 1 #EPN 201B/01 $005-03-26 $t11:18:54.000 201C/01 $007-01-15 201U/01 $0utf8 203@/01 $0747500088 208@/01 $a13-01-15 $bz 209A/01 $a103 PC 2800 K32 $db $f301 $x00 209C/01 $a6 2015/00369 209C/01 $anel1501brw 209G/01 $a62843640 $x00 247C/01 $8351301-4 <4/301>Marburg, Universität Marburg, Bibliothek Rechtswissenschaften, Juristisches Seminar $9102595119 exp: 35269925 205 2 #EPN 201B/02 $001-03-16 $t12:03:45.000 201C/02 $001-03-16 201U/02 $0utf8 203@/02 $0768947677 208@/02 $a01-03-16 $bz 209A/02 $a135 PC 2800 K32 $ds $f301 $x00 209C/02 $a6 2016/00800 209C/02 $anel1603pa 209G/02 $a63567116 $x00 209G/02 $aInst. f. Rechtsgeschichte, Roman. Abt. $x01 247C/02 $8351301-4 <4/301>Marburg, Universität Marburg, Bibliothek Rechtswissenschaften, Juristisches Seminar $9102595119
| LEADER | 00000cam a2200000 c 4500 | ||
|---|---|---|---|
| 001 | 352699256 | ||
| 003 | DE-603 | ||
| 005 | 20251215101612.0 | ||
| 007 | tu | ||
| 008 | 150107s2015 xx |||| | u00||u|ger | ||
| 015 | |a 15,A51 |z 14,N48 |2 dnb | ||
| 016 | 7 | |2 DE-101 |a 1060995719 | |
| 020 | |a 3428145364 | ||
| 020 | |a 9783428145362 |c kart. : EUR 74.90 (DE), EUR 77.00 (AT), sfr 99.00 (freier Pr.) | ||
| 020 | |a 9783428845361 |c (Print & E-Book) | ||
| 024 | 3 | |a 9783428145362 | |
| 035 | |a (DE-599)DNB1060995719 | ||
| 035 | |a 897128146 | ||
| 035 | |a (OCoLC)899978459 | ||
| 040 | |a DE-603 |b ger |c DE-603 |d DE-603 | ||
| 041 | |a ger | ||
| 084 | |a 340 |q DE-101 |2 sdnb | ||
| 084 | |a PC 2800 |0 (DE-625)135066: |0 (DE-603)410982393 |2 rvk | ||
| 084 | |a PD 6220 |0 (DE-625)135273: |0 (DE-603)410985279 |2 rvk | ||
| 090 | |a b | ||
| 245 | 0 | 0 | |a Res nullius |b zur Genealogie und Aktualität einer Rechtsformel |c hrsg. von Michael Kempe ... |
| 264 | 1 | |a Berlin |b Duncker & Humblot |c 2015 | |
| 300 | |a 196 Seiten |b Illustrationen |c 24 cm, 400 g | ||
| 336 | |a Text |b txt |2 rdacontent | ||
| 337 | |a ohne Hilfsmittel zu benutzen |b n |2 rdamedia | ||
| 338 | |a Band |b nc |2 rdacarrier | ||
| 490 | 1 | |a Schriften zur Rechtsgeschichte |v 170 | |
| 648 | 7 | |a Geschichte |2 gnd | |
| 650 | 7 | |a Besitz |0 (DE-588)4006023-8 |0 (DE-603)085008117 |2 gnd | |
| 650 | 7 | |a Kultur |0 (DE-588)4125698-0 |0 (DE-603)085424803 |2 gnd | |
| 700 | 1 | |a Kempe, Michael |d 1966- |e Herausgeber |4 edt |0 (DE-603)154634654 |0 (DE-588)123808642 |2 gnd | |
| 830 | 0 | |t Schriften zur Rechtsgeschichte |v 170 |w (DE-603)009490930 |w (DE-600)704010-6 |9 3170 |7 as | |
| 856 | 4 | 2 | |m B:DE-101 |q application/pdf |u https://d-nb.info/1060995719/04 |3 Inhaltsverzeichnis |
| 924 | 0 | |9 30/34 |a (DE-603)774409460 |b DE-30-34 |c HES |d d |g LA 05/PC 2800 K32 | |
| 924 | 0 | |9 2080 |a (DE-603)1144710650 |b DE-2080 |c HES |d d |g / | |
| 924 | 0 | |9 26/010 |a (DE-603)802825893 |b DE-26-010 |c HES |d d |g 54 Bo 2015/2 |h hap10117080 | |
| 924 | 0 | |9 4/301 |a (DE-603)747500088 |b DE-4-301 |c HES |d d |g 103 PC 2800 K32 | |
| 924 | 0 | |9 4/301 |a (DE-603)768947677 |b DE-4-301 |c HES |d d |g 135 PC 2800 K32 |h Inst. f. Rechtsgeschichte, Roman. Abt. | |


